Guess the random Taylor Swift Song Lyrics 101 - Statistics

General Stats
  • This quiz has been taken 23 times
  • The average score is 165 of 267
Answer Stats
Answer % Correct
I
100%
you
100%
You
100%
a
94%
go
88%
is
88%
it
88%
love
88%
Love
88%
me
88%
the
88%
to
88%
we
88%
We
88%
(we
88%
your
88%
are
82%
in
82%
my
82%
and
76%
And
76%
(And
76%
Be
76%
like
76%
of
76%
So
76%
(so
76%
this
76%
This
76%
were
76%
I'm
71%
never
71%
(never)
71%
good
65%
I'll
65%
just
65%
Just
65%
know
65%
Saw
65%
with
65%
You're
65%
all
59%
don't
59%
right
59%
time
59%
loved
53%
our
53%
But
47%
(But
47%
grace
47%
live
47%
same
47%
state
47%
Up
47%
come
41%
coming
41%
fall
41%
game
41%
I've
41%
let
41%
Now
41%
or
41%
room
41%
wrong
41%
wrong)
41%
alone
35%
blue
35%
eyes
35%
four
35%
learn
35%
saint
35%
saint)
35%
shades
35%
These
35%
bleeds
29%
broken
29%
cannonball
29%
fades
29%
fate
29%
fight
29%
fire
29%
hands
29%
hearts
29%
hearts)
29%
hurts
29%
lights
29%
lives
29%
pain
29%
pain)
29%
play
29%
ruthless
29%
signs
29%
something
29%
through
29%
'til
29%
touch
29%
twin
29%
Unless
29%
walking
29%
worthwhile
29%
Achilles
24%
armor
24%
around
24%
Busy
24%
busy
24%
changing
24%
falls
24%
fast
24%
heel
24%
minds
24%
real
24%
streets
24%
traffic
24%
age
18%
golden
18%
Mosaic
18%
(Mosaic
18%
Pierce
18%
brave
12%
wild
12%
wild)
12%
clean
6%
slates
6%
No matching quizzes found
Score Distribution
Percent of People with Each Score
Percentile by Number Answered
Your Score History
You have not taken this quiz